Turbo pascal với hệ chương trình tính Gió động và Động đất
Ứng dụng chương trình Turbo pascal vào việc tính toán gió động, tính toán động đất.
محفوظ في:
| المؤلف الرئيسي: | |
|---|---|
| التنسيق: | كتاب |
| اللغة: | Undetermined |
| منشور في: |
Hà Nội
Khoa học Kỹ thuật
2006
|
| الموضوعات: | |
| الوسوم: |
إضافة وسم
لا توجد وسوم, كن أول من يضع وسما على هذه التسجيلة!
|
| Thư viện lưu trữ: | Trung tâm Học liệu Trường Đại học Cần Thơ |
|---|
| LEADER | 00797nam a2200205Ia 4500 | ||
|---|---|---|---|
| 001 | CTU_106675 | ||
| 008 | 210402s9999 xx 000 0 und d | ||
| 020 | |c 16000 | ||
| 082 | |a 005.133 | ||
| 082 | |b T312 | ||
| 100 | |a Đặng, Tĩnh | ||
| 245 | 0 | |a Turbo pascal với hệ chương trình tính Gió động và Động đất | |
| 245 | 0 | |c Đặng Tĩnh | |
| 260 | |a Hà Nội | ||
| 260 | |b Khoa học Kỹ thuật | ||
| 260 | |c 2006 | ||
| 520 | |a Ứng dụng chương trình Turbo pascal vào việc tính toán gió động, tính toán động đất. | ||
| 650 | |a Pascal (computer programs),Programming languages (electronic computers) | ||
| 904 | |i Năm, Q. Hiếu (sửa) | ||
| 980 | |a Trung tâm Học liệu Trường Đại học Cần Thơ | ||